[Event "Baku Open 2023"]
[Site "Baku AZE"]
[Date "2023.05.10"]
[Round "7.28"]
[White "Makhnev, Denis"]
[Black "Mohamed, Anees M"]
[Result "1/2-1/2"]
[WhiteTitle "GM"]
[BlackTitle "FM"]
[WhiteElo "2483"]
[BlackElo "2317"]
[WhiteFideId "13707647"]
[BlackFideId "35065815"]
[EventDate "2023.05.04"]

1. d4 d5 2. c4 c6 3. Nf3 Nf6 4. e3 e6 5. Bd3 dxc4 6. Bxc4 Nbd7 7. O-O Bd6 8. Qc2
O-O 9. e4 e5 10. Be3 Ng4 11. Bg5 Qc7 12. h3 h6 13. Bh4 Ngf6 14. Bxf6 Nxf6 15.
dxe5 Bxe5 16. Nxe5 Qxe5 17. Nd2 Be6 18. Bxe6 Qxe6 19. Rae1 Rad8 20. Nb3 Nd7 21.
f4 c5 22. Kh1 f6 23. Nd2 Nb8 24. Nf3 Nc6 25. Qxc5 Qxa2 26. Qb5 Rf7 27. e5 fxe5
28. Nxe5 Nxe5 29. Rxe5 a6 30. Qe2 Qb3 31. f5 Qd3 32. Qe1 Qd2 33. Re8+ Kh7 34.
Qe6 Rxe8 35. Qxf7 Re1 36. Rxe1 Qxe1+ 37. Kh2 Qe5+ 38. Kh1 b5 39. Qg6+ Kh8 40.
Qxa6 Qxb2 41. Qe6 Qc1+ 42. Kh2 Qc7+ 43. Kg1 Qd8 44. Kf2 b4 45. Ke2 Qd4 1/2-1/2

[Event "Baku Open 2023"]
[Site "Baku AZE"]
[Date "2023.05.10"]
[Round "7.29"]
[White "Nigmatov, Ortik"]
[Black "Mustafayev, Farid"]
[Result "1-0"]
[WhiteTitle "IM"]
[BlackTitle "FM"]
[WhiteElo "2473"]
[BlackElo "2316"]
[WhiteFideId "14202131"]
[BlackFideId "13408771"]
[EventDate "2023.05.04"]

1. e4 e5 2. Nf3 Nf6 3. Nxe5 d6 4. Nf3 Nxe4 5. Nc3 Nxc3 6. dxc3 Be7 7. Be3 O-O 8.
Qd2 c5 9. h4 Nc6 10. h5 Bg4 11. h6 g6 12. Bc4 b5 13. Bd5 Rc8 14. a4 b4 15. Bxc6
Rxc6 16. cxb4 Bxf3 17. b5 Rb6 18. gxf3 d5 19. c3 d4 20. cxd4 Rd6 21. O-O-O cxd4
22. Bf4 Rd5 23. Rhe1 Bf6 24. Kb1 a6 25. bxa6 Qb6 26. Rc1 d3 27. Re4 Qxa6 28. Qb4
d2 29. Bxd2 Qd3+ 30. Rc2 Rc8 31. Qc4 1-0

[Event "Baku Open 2023"]
[Site "Baku AZE"]
[Date "2023.05.10"]
[Round "7.30"]
[White "Lortkipanidze, Nodar"]
[Black "Guliev, Logman"]
[Result "1-0"]
[WhiteTitle "IM"]
[BlackTitle "IM"]
[WhiteElo "2406"]
[BlackElo "2261"]
[WhiteFideId "13604058"]
[BlackFideId "13400061"]
[EventDate "2023.05.04"]

1. c4 Nf6 2. Nc3 g6 3. g3 Bg7 4. Bg2 O-O 5. Nf3 d6 6. O-O Nc6 7. Rb1 e5 8. d3 a5
9. a3 h6 10. b4 axb4 11. axb4 Be6 12. b5 Ne7 13. Bb2 Nh7 14. Ra1 Rb8 15. Qc2 b6
16. Ra7 f5 17. Nd2 Nf6 18. e3 g5 19. d4 Ng6 20. Nd5 Rc8 21. Nb4 e4 22. Nc6 Qe8
23. c5 d5 24. Rfa1 f4 25. exf4 gxf4 26. cxb6 cxb6 27. Qb3 Ng4 28. Nxe4 dxe4 29.
Rxg7+ Kxg7 30. d5+ Kg8 31. dxe6 f3 32. Bh3 Nf6 33. e7+ Rf7 34. Bxf6 1-0

[Event "Baku Open 2023"]
[Site "Baku AZE"]
[Date "2023.05.10"]
[Round "7.31"]
[White "Moksh, Amit Doshi"]
[Black "Orujov, Farid"]
[Result "1-0"]
[WhiteTitle "IM"]
[BlackTitle "FM"]
[WhiteElo "2397"]
[BlackElo "2225"]
[WhiteFideId "25064967"]
[BlackFideId "13423533"]
[EventDate "2023.05.04"]

1. d4 Nf6 2. c4 e6 3. Nf3 d5 4. Nc3 Be7 5. Bf4 O-O 6. e3 Nbd7 7. Be2 dxc4 8. O-O
a6 9. a4 c5 10. dxc5 Bxc5 11. Bxc4 b6 12. Qe2 Bb7 13. Rfd1 Qe7 14. e4 h6 15. e5
Ng4 16. Bg3 Rae8 17. Bxa6 Bxa6 18. Qxa6 f6 19. exf6 Ngxf6 20. Qe2 e5 21. Ne4 Nh5
22. Nxc5 bxc5 23. Qc4+ Kh8 24. Nh4 Rf6 25. Qg4 Nxg3 26. Rxd7 Ne2+ 27. Kh1 Qf8
28. Qxe2 1-0

[Event "Baku Open 2023"]
[Site "Baku AZE"]
[Date "2023.05.10"]
[Round "7.32"]
[White "Ayush, Sharma"]
[Black "Shahaliyev, Ismayil"]
[Result "1-0"]
[WhiteTitle "FM"]
[BlackTitle "IM"]
[WhiteElo "2267"]
[BlackElo "2400"]
[WhiteFideId "45010943"]
[BlackFideId "13406388"]
[EventDate "2023.05.04"]

1. e4 c5 2. Nf3 e6 3. d4 cxd4 4. Nxd4 Nc6 5. Nc3 Qc7 6. g3 a6 7. Bg2 Nf6 8. O-O
Nxd4 9. Qxd4 Bc5 10. Bf4 d6 11. Qd2 h6 12. Rad1 e5 13. Be3 Bb4 14. Nb5 axb5 15.
Qxb4 Rxa2 16. Rxd6 O-O 17. Rd2 Be6 18. Rfd1 Ng4 19. Bc5 Rc8 20. Bd6 Qb6 21. Bf1
Nxf2 22. Rxf2 Rxc2 23. Rd2 Raxb2 24. Bc5 Qc6 25. Rxc2 Rxb4 26. Bxb4 Qxe4 27. Rb2
h5 28. h4 Qd4 29. Kh2 e4 30. Rfd2 Qf6 31. Rf2 Qe5 32. Rbd2 Kh7 33. Bd6 Qa1 34.
Bc5 b4 35. Bg2 f5 36. Bxb4 b5 37. Rf1 Qe5 38. Re1 g5 39. hxg5 h4 40. g6+ Kxg6
41. Re3 Kf7 42. Bd6 Qh8 43. gxh4 Qh6 44. Bc5 Qxh4+ 45. Kg1 Bc4 46. Rf2 Ke6 47.
Bh3 Kd5 48. Rxf5+ Kc6 49. Bd4 Bd3 50. Kh2 Bc4 51. Ra3 Qe1 52. Rc5+ 1-0

[Event "Baku Open 2023"]
[Site "Baku AZE"]
[Date "2023.05.10"]
[Round "7.33"]
[White "Dixit, Nikhil"]
[Black "Manafov, Vugar"]
[Result "1/2-1/2"]
[WhiteTitle "FM"]
[BlackTitle "FM"]
[WhiteElo "2257"]
[BlackElo "2399"]
[WhiteFideId "5059534"]
[BlackFideId "13410814"]
[EventDate "2023.05.04"]

1. e4 Nf6 2. e5 Nd5 3. d4 d6 4. Nf3 Nb6 5. a4 a5 6. Bd3 Nc6 7. exd6 cxd6 8. c3
g6 9. Na3 Bg7 10. O-O O-O 11. Nb5 Re8 12. Re1 Na7 13. Nxa7 Rxa7 14. Qb3 Qc7 15.
Bg5 Bf8 16. h4 Bg4 17. Nh2 Bd7 18. h5 d5 19. hxg6 hxg6 20. Nf3 Nc4 21. Qc2 Bg7
22. Bxe7 Bg4 23. Bc5 Raa8 24. Nh2 Be6 25. Re2 b6 26. Ba3 1/2-1/2

[Event "Baku Open 2023"]
[Site "Baku AZE"]
[Date "2023.05.10"]
[Round "7.34"]
[White "Ismayil, Malak"]
[Black "Ilamparthi, A R"]
[Result "1-0"]
[WhiteTitle "WFM"]
[BlackTitle "IM"]
[WhiteElo "2115"]
[BlackElo "2408"]
[WhiteFideId "13412604"]
[BlackFideId "45015775"]
[EventDate "2023.05.04"]

1. e4 c5 2. Nf3 d6 3. Bb5+ Bd7 4. Bxd7+ Nxd7 5. O-O Ngf6 6. Re1 e6 7. d4 cxd4 8.
Qxd4 Qc7 9. c4 a6 10. b3 b5 11. Nbd2 Be7 12. Bb2 O-O 13. h3 Rfc8 14. Rac1 Qb7
15. Qe3 Bf8 16. e5 dxe5 17. Nxe5 Nxe5 18. Qxe5 Rc5 19. Qe3 Nd7 20. b4 Rcc8 21.
c5 a5 22. a3 axb4 23. axb4 Ra4 24. Bc3 Be7 25. Ne4 e5 26. Qd3 f6 27. Bd2 Ra6 28.
Nc3 Bxc5 29. bxc5 Nxc5 30. Qxb5 Qxb5 31. Nxb5 Rd8 32. Rxc5 Rxd2 33. Nc3 Rc2 34.
Ne4 Rxc5 35. Nxc5 Rc6 36. Ne4 Kf7 37. g4 Kg6 38. Ng3 Kg5 39. Rb1 Rc7 40. Kg2 Ra7
41. Rb8 Rc7 42. Rh8 h6 43. Rg8 Ra7 44. Rb8 Rc7 45. Rg8 Ra7 46. Ne4+ Kg6 47. h4
h5 48. g5 Ra4 49. f3 f5 50. Nd6 Ra2+ 51. Kh3 Ra6 52. Nc4 Re6 53. Rc8 Kh7 54. Rc5
e4 55. Rxf5 exf3 56. Rxf3 Re4 57. Ne3 Re6 58. Nd5 Rd6 59. Nf4 g6 60. Re3 Rd4 61.
Kg3 Ra4 62. Re7+ Kg8 63. Re6 Kh7 64. Nxg6 Rg4+ 65. Kf3 Kg7 66. Re4 Rg1 67. Nf4 1-0

[Event "Baku Open 2023"]
[Site "Baku AZE"]
[Date "2023.05.10"]
[Round "7.35"]
[White "Padmini, Rout"]
[Black "Chitlange, Sakshi"]
[Result "1-0"]
[WhiteTitle "IM"]
[BlackTitle "WIM"]
[WhiteElo "2388"]
[BlackElo "2241"]
[WhiteFideId "5029295"]
[BlackFideId "35002899"]
[EventDate "2023.05.04"]

1. d4 d5 2. Nf3 Nf6 3. c3 c6 4. Bf4 Bf5 5. e3 e6 6. Bd3 Bd6 7. O-O O-O 8. h3 Qc7
9. Bxd6 Qxd6 10. c4 Bxd3 11. Qxd3 Nbd7 12. Nc3 dxc4 13. Qxc4 e5 14. Rfd1 Rad8
15. Qb3 exd4 16. Qxb7 Nc5 17. Qb4 d3 18. Rac1 Nce4 19. Qxd6 Rxd6 20. Nxe4 Nxe4
21. Ne5 Rb8 22. Rxd3 Rxb2 23. Rxc6 1-0

[Event "Baku Open 2023"]
[Site "Baku AZE"]
[Date "2023.05.10"]
[Round "7.36"]
[White "Khamdamova, Afruza"]
[Black "Beydullayeva, Govhar"]
[Result "1-0"]
[WhiteTitle "WFM"]
[BlackTitle "WGM"]
[WhiteElo "2172"]
[BlackElo "2375"]
[WhiteFideId "14210444"]
[BlackFideId "13413015"]
[EventDate "2023.05.04"]

1. e4 c5 2. Nf3 d6 3. d4 cxd4 4. Nxd4 Nf6 5. Nc3 a6 6. Bg5 e6 7. f4 Nbd7 8. Qe2
Qc7 9. O-O-O b5 10. a3 Bb7 11. g4 Be7 12. Bh4 g6 13. Bg2 e5 14. Nb3 exf4 15. e5
Nxe5 16. Bxb7 Qxb7 17. Bxf6 Bxf6 18. Nd5 Bg7 19. Qe4 Rb8 20. Qxf4 O-O 21. g5
Rbc8 22. Qe4 Kh8 23. Na5 Qd7 24. Kb1 Qd8 25. Nb7 Qxg5 26. Nxd6 Rc4 27. Nxc4 Nxc4
28. Qf4 Qxf4 29. Nxf4 Bxb2 30. Rd7 Bxa3 31. h4 Bd6 32. Nh3 h6 33. Nf2 Be5 34.
Rd5 Bg7 35. Nd3 Rc8 36. Rh2 Na3+ 37. Kc1 a5 38. Rd7 Kg8 39. Rf2 f5 40. Nf4 Rc6
41. Re2 Rf6 42. Ree7 Bf8 43. Re8 g5 44. hxg5 hxg5 45. Ne6 g4 46. Rg7+ Kh8 47.
Rg5 Kh7 48. Nxf8+ Kh6 49. Rg8 Kh5 1-0

[Event "Baku Open 2023"]
[Site "Baku AZE"]
[Date "2023.05.10"]
[Round "7.37"]
[White "Allahverdiyeva, Ayan"]
[Black "Dushyant, Sharma"]
[Result "1-0"]
[WhiteTitle "WFM"]
[BlackTitle "IM"]
[WhiteElo "2055"]
[BlackElo "2355"]
[WhiteFideId "13412590"]
[BlackFideId "25065130"]
[EventDate "2023.05.04"]

1. e4 e5 2. Nf3 Nc6 3. Bb5 a6 4. Ba4 Nf6 5. O-O Nxe4 6. d4 b5 7. Bb3 d5 8. dxe5
Be6 9. c3 Bc5 10. Nbd2 O-O 11. Bc2 Nxf2 12. Rxf2 f6 13. Nf1 Bxf2+ 14. Kxf2 fxe5
15. Kg1 Qd6 16. Be3 h6 17. Bf2 Rad8 18. Qe2 e4 19. Nd4 Ne5 20. Bg3 Bd7 21. Ne3
c5 22. Bb3 c4 23. Qh5 Rde8 24. Bc2 a5 25. Rd1 b4 26. Kh1 Kh8 27. Ne2 Qc5 28.
Bxe5 Rxe5 29. Qxe5 Qxe3 30. Ng3 Bh3 31. Qxd5 Bxg2+ 32. Kxg2 Qf2+ 33. Kh3 Qxc2
34. Rd2 Qc1 35. Re2 bxc3 36. bxc3 Qxc3 37. Rxe4 Rc8 38. Qd7 Rf8 39. Qe6 Qb2 40.
Qxc4 Qd2 41. Re7 Qd8 42. Qe6 Qb8 43. Rxg7 Kxg7 44. Nh5+ Kh7 45. Qe4+ 1-0

[Event "Baku Open 2023"]
[Site "Baku AZE"]
[Date "2023.05.10"]
[Round "7.38"]
[White "Mammadova, Gulnar"]
[Black "Nurgali, Nazerke"]
[Result "1-0"]
[WhiteTitle "IM"]
[BlackTitle "WIM"]
[WhiteElo "2349"]
[BlackElo "2150"]
[WhiteFideId "13403508"]
[BlackFideId "13711261"]
[EventDate "2023.05.04"]

1. e4 c6 2. Nf3 d5 3. d3 Qc7 4. Nc3 e6 5. d4 Nf6 6. Bd3 Bb4 7. e5 Nfd7 8. O-O a6
9. Ne2 Be7 10. Bf4 c5 11. c3 Nc6 12. Ng3 c4 13. Bc2 b5 14. b3 Nb6 15. b4 Bd7 16.
Ng5 g6 17. Qg4 Nd8 18. h4 h6 19. Nxf7 Nxf7 20. Bxg6 Bf8 21. Nh5 Bc8 22. Bg3 Qe7
23. f4 Kd8 24. f5 Kc7 25. Nf4 Nd8 26. f6 Qd7 27. Qh5 Kb8 28. Be8 Qh7 29. f7 Qg7
30. Qg6 Rh7 31. h5 Nxf7 32. Qxg7 Rxg7 33. Ng6 Ra7 34. Bh4 Na4 35. Nxf8 Nxc3 36.
Ng6 Ne2+ 37. Kh2 Ng5 38. Rae1 Nc3 39. Bxg5 hxg5 40. Kg3 Nxa2 41. Kg4 c3 42. h6
Rh7 43. Kxg5 c2 44. Nf4 Nxb4 45. Bg6 Rh8 46. Kh5 a5 47. g4 a4 48. g5 a3 49. Nd3
Nc6 50. Bf7 b4 51. g6 b3 52. g7 Rxf7 53. Rxf7 b2 54. Rff1 1-0

[Event "Baku Open 2023"]
[Site "Baku AZE"]
[Date "2023.05.10"]
[Round "7.40"]
[White "Akhvlediani, Irakli"]
[Black "Fishchuk, Vladyslav"]
[Result "1/2-1/2"]
[WhiteTitle "FM"]
[BlackTitle "FM"]
[WhiteElo "2421"]
[BlackElo "2252"]
[WhiteFideId "13601938"]
[BlackFideId "34122117"]
[EventDate "2023.05.04"]

1. c4 e5 2. Nc3 Bb4 3. Nd5 Be7 4. Nf3 d6 5. d4 Nf6 6. dxe5 dxe5 7. Nxe5 O-O 8.
g3 Nxd5 9. cxd5 Re8 10. a3 Bc5 11. Nc4 Bf5 12. Bg2 Be4 13. O-O Qe7 14. Bxe4 Qxe4
15. Be3 Nd7 16. Rc1 b5 17. Bxc5 bxc4 18. Be3 Nb6 19. Bxb6 cxb6 20. e3 b5 21. Qd2
Rad8 22. Rfd1 h5 23. Qd4 Qf3 24. Qf4 Qe2 25. Rb1 f6 26. d6 Re5 27. d7 Kf7 28. h4
Qg4 29. Qxg4 hxg4 30. Rd4 f5 31. Rbd1 g6 32. Rd5 Rxd5 33. Rxd5 Ke6 34. Rxb5 Rxd7
35. Rc5 Rd1+ 36. Kg2 Rc1 37. Rc6+ Kd5 38. Rxg6 Rb1 39. Rg7 Rxb2 40. Rc7 Rb6 41.
Kf1 Rb1+ 42. Ke2 Rb2+ 43. Ke1 Rb1+ 44. Kd2 Rb2+ 45. Ke1 Rb1+ 46. Ke2 Rb2+ 47.
Kf1 Rb1+ 48. Ke2 Rb2+ 1/2-1/2

[Event "Baku Open 2023"]
[Site "Baku AZE"]
[Date "2023.05.10"]
[Round "7.41"]
[White "Mahalakshmi, M"]
[Black "Toncheva, Nadya"]
[Result "0-1"]
[WhiteTitle "WIM"]
[BlackTitle "FM"]
[WhiteElo "2210"]
[BlackElo "2295"]
[WhiteFideId "5001080"]
[BlackFideId "2924056"]
[EventDate "2023.05.04"]

1. d4 d5 2. Nf3 Nf6 3. c3 c5 4. dxc5 e6 5. Be3 Nbd7 6. b4 Be7 7. g3 h5 8. h3 a5
9. Nbd2 e5 10. a3 Qc7 11. Bg2 Ne4 12. Nxe4 dxe4 13. Ng5 Bxg5 14. Bxg5 f6 15. Be3
f5 16. O-O Ra6 17. f4 exf3 18. exf3 f4 19. b5 Rg6 20. b6 Qc6 21. gxf4 Nxc5 22.
Kh1 O-O 23. fxe5 Bf5 24. Bxc5 Qxc5 25. f4 Qxc3 26. Rf3 Qc5 27. Rc1 Qe7 28. Qe1
Rxb6 29. Rg3 Rg6 30. Rxg6 Bxg6 31. Qxa5 Rxf4 32. Qd5+ Kh7 33. e6 Qxa3 34. Rc7
Qe3 35. Qd7 Rf1+ 36. Bxf1 Be4+ 37. Bg2 Qxh3+ 38. Kg1 Qxg2# 0-1

[Event "Baku Open 2023"]
[Site "Baku AZE"]
[Date "2023.05.10"]
[Round "7.42"]
[White "Mamedov, Edgar"]
[Black "Eynullayev, Atilla"]
[Result "0-1"]
[WhiteTitle "FM"]
[BlackTitle "FM"]
[WhiteElo "2248"]
[BlackElo "2281"]
[WhiteFideId "13739980"]
[BlackFideId "13413570"]
[EventDate "2023.05.04"]

1. d4 Nf6 2. Bg5 d5 3. e3 c5 4. Bxf6 gxf6 5. dxc5 Nc6 6. Bb5 Qa5+ 7. Nc3 a6 8.
Bxc6+ bxc6 9. Ne2 Rb8 10. O-O Qxc5 11. Na4 Qc4 12. b3 Qg4 13. Nd4 Rg8 14. Qxg4
Bxg4 15. f4 Bd7 16. f5 e5 17. fxe6 fxe6 18. Rxf6 Be7 19. Rf2 c5 20. Nf3 Bxa4 21.
bxa4 Bf6 22. Rc1 Bc3 23. Rd1 Ke7 24. Re2 Rg4 25. Rd3 Rb1+ 26. Kf2 Rc4 27. Nd2
Bxd2 28. Rdxd2 Rb2 29. e4 d4 30. Kf3 Rxa4 31. Kf4 Kd6 32. e5+ Kc6 33. Kg5 Raxa2
34. Kf6 Kd7 35. g4 a5 36. g5 Ra3 37. h4 Rh3 38. h5 Rxh5 39. Rh2 Rxh2 40. Rxh2 a4
41. Rxh7+ Kc6 42. g6 Rxc2 43. g7 Rg2 44. Kxe6 a3 45. Kf7 a2 46. Rh6+ Kd5 47. Rg6
Rxg6 48. Kxg6 a1=Q 49. g8=Q+ Kxe5 50. Qe8+ Kd6 51. Qf8+ Kc6 52. Qe8+ Kd5 53.
Qf7+ Ke4 54. Qf5+ Ke3 55. Qxc5 Qb1+ 56. Kf6 Qf1+ 57. Ke7 Qf3 58. Kd8 Qf6+ 59.
Kc8 Ke4 60. Qb4 Qc6+ 61. Kb8 Kd5 62. Qb3+ Qc4 63. Qf3+ Kc5 64. Qf8+ Kb5 65. Qf5+
Ka4 66. Qe4 Ka3 67. Qa8+ Qa4 68. Qh1 Qb3+ 69. Ka8 Qc3 70. Qh8 Kb3 71. Qb8+ Ka3
72. Qh8 Qb2 73. Qd8 Qb4 74. Qh8 Qa4+ 75. Kb8 Qb3+ 76. Ka8 d3 77. Qa1+ Kb4 78.
Qd4+ Qc4 79. Qb2+ Kc5 80. Qa3+ Kc6 81. Qe7 Qd5 82. Qb4 d2 83. Kb8 Qd6+ 0-1

[Event "Baku Open 2023"]
[Site "Baku AZE"]
[Date "2023.05.10"]
[Round "7.43"]
[White "Aydin, Gulenay"]
[Black "Aslanov, Umid"]
[Result "0-1"]
[WhiteTitle "WFM"]
[BlackTitle "CM"]
[WhiteElo "2001"]
[BlackElo "2273"]
[WhiteFideId "34557431"]
[BlackFideId "13412620"]
[EventDate "2023.05.04"]

1. e4 c5 2. Nf3 d6 3. d4 cxd4 4. Nxd4 Nf6 5. Nc3 a6 6. a3 Nc6 7. Be2 e5 8. Nb3
Be6 9. Be3 Be7 10. Qd2 O-O 11. Rd1 b5 12. O-O b4 13. axb4 Nxb4 14. Bg5 Qc7 15.
f4 Nxc2 16. Qxc2 Qb6+ 17. Nc5 Qxc5+ 18. Kh1 exf4 19. Bxf4 d5 20. exd5 Nxd5 21.
Bd3 Nxf4 22. Rxf4 Qh5 23. Rff1 Rad8 24. Ne4 a5 25. Ng3 Qh6 26. Nf5 Bxf5 27. Bxf5
Bd6 28. Bh3 Qe3 29. Rde1 Qb6 30. Bf5 h6 31. Bd3 Bb8 32. Bc4 Qc7 33. g3 Rc8 34.
b3 a4 35. Qf5 a3 36. Ra1 Qe7 37. Ra2 Bd6 38. Raf2 Kh8 39. Bxf7 Bc5 40. Rf3 a2
41. Ra1 Rc7 42. Rxa2 Qxf7 43. Qxf7 Rcxf7 44. Rxf7 Rxf7 45. Rc2 Bb6 46. Kg2 Kh7
47. h4 Rb7 48. Rb2 Kg6 49. b4 Bd4 50. Rb3 Rb5 0-1

[Event "Baku Open 2023"]
[Site "Baku AZE"]
[Date "2023.05.10"]
[Round "7.44"]
[White "Ince, Taylan Ruzgar"]
[Black "Srija, Seshadri"]
[Result "0-1"]
[WhiteTitle "CM"]
[BlackTitle "WGM"]
[WhiteElo "2264"]
[BlackElo "2199"]
[WhiteFideId "44513089"]
[BlackFideId "5055903"]
[EventDate "2023.05.04"]

1. d4 d5 2. Nf3 Nf6 3. c4 c6 4. Qc2 dxc4 5. Qxc4 e6 6. g3 b5 7. Qd3 Bb7 8. Bg2
Nbd7 9. O-O Be7 10. Nbd2 a6 11. a4 O-O 12. b3 Qb6 13. Bb2 Rfd8 14. a5 Qa7 15.
Rac1 Rac8 16. Qb1 Bb4 17. Bc3 c5 18. dxc5 Bxc3 19. Rxc3 Nxc5 20. Rfc1 Nd5 21.
R3c2 b4 22. Bf1 Nc3 23. Qb2 h6 24. Rxc3 bxc3 25. Rxc3 Ne4 26. Nxe4 Bxe4 27. b4
Qb7 28. Nd2 Rxc3 29. Qxc3 Qd5 30. Nb3 Qd1 31. f3 Bc6 32. Kf2 Bb5 33. h4 e5 34.
Qe3 Bc4 35. Bh3 Bxb3 0-1

[Event "Baku Open 2023"]
[Site "Baku AZE"]
[Date "2023.05.10"]
[Round "7.45"]
[White "Chkhaidze, Nikoloz"]
[Black "Kairbekova, Amina"]
[Result "1-0"]
[WhiteTitle "FM"]
[BlackTitle "WIM"]
[WhiteElo "2253"]
[BlackElo "2157"]
[WhiteFideId "13601750"]
[BlackFideId "13712799"]
[EventDate "2023.05.04"]

1. d4 Nf6 2. c4 g6 3. Nc3 Bg7 4. e4 O-O 5. Nf3 d6 6. Be2 Nbd7 7. O-O e5 8. Be3
Qe7 9. Qc2 c6 10. d5 c5 11. Bg5 h6 12. Bd2 Nh7 13. Qc1 f5 14. exf5 gxf5 15. Bxh6
f4 16. Bxg7 Kxg7 17. Bd3 Rg8 18. Re1 Qf6 19. Nd2 Ndf8 20. Nde4 Qh6 21. Nb5 Ng6
22. Nbxd6 Nh4 23. Nxc8 Raxc8 24. Qc3 Kf7 25. Bf1 Qh5 26. Kh1 Rg6 27. Qh3 Rcg8
28. Be2 Qh6 29. g3 f3 30. Bd1 Nf6 31. Nxf6 Qd2 32. Rf1 Rxf6 33. Qxh4 Rh6 34. Qe4
Rxg3 35. Bxf3 Rg7 36. Qe3 1-0

[Event "Baku Open 2023"]
[Site "Baku AZE"]
[Date "2023.05.10"]
[Round "7.46"]
[White "Suleymanli, Suleyman"]
[Black "Atakishiyev, Elmar"]
[Result "1/2-1/2"]
[WhiteTitle "FM"]
[BlackTitle "FM"]
[WhiteElo "2258"]
[BlackElo "2363"]
[WhiteFideId "13416375"]
[BlackFideId "13410547"]
[EventDate "2023.05.04"]

1. Nf3 Nf6 2. g3 b5 3. Bg2 Bb7 4. O-O e6 5. a4 b4 6. d4 c5 7. c4 cxd4 8. Nxd4
Bxg2 9. Kxg2 d5 10. Bf4 dxc4 11. e4 a6 12. e5 Nd5 13. Qf3 Bc5 14. Rd1 O-O 15.
Ne2 Nc6 16. Nd2 Na5 17. Rac1 Qd7 18. Nxc4 Nxc4 19. Rxc4 Rac8 20. Rdc1 Be7 21. b3
Rxc4 22. Rxc4 Rc8 23. Rxc8+ Qxc8 24. Qd3 Qc6 25. Kg1 h6 26. Bd2 Qc7 27. Nf4 Nxf4
28. gxf4 Qc6 29. Be3 g6 30. Kf1 h5 31. Ke2 h4 32. h3 Kg7 33. f3 Kf8 34. Kf2 Kg8
35. Ke2 Kg7 36. Qd2 Kf8 37. Qd3 Ke8 38. Qe4 1/2-1/2

[Event "Baku Open 2023"]
[Site "Baku AZE"]
[Date "2023.05.11"]
[Round "8.1"]
[White "Sanikidze, Tornike"]
[Black "Muradli, Mahammad"]
[Result "0-1"]
[WhiteTitle "GM"]
[BlackTitle "GM"]
[WhiteElo "2475"]
[BlackElo "2531"]
[WhiteFideId "13602608"]
[BlackFideId "13409301"]
[EventDate "2023.05.04"]

1. d4 Nf6 2. c4 e6 3. Nf3 d5 4. Nc3 dxc4 5. e3 a6 6. a4 c5 7. Bxc4 Nc6 8. O-O
Bd6 9. Qe2 O-O 10. Rd1 Qe7 11. h3 b6 12. dxc5 bxc5 13. b3 Bb7 14. Bb2 Rfd8 15.
Rab1 h6 16. Ba1 Qc7 17. Bd3 Ne7 18. Nd2 Nf5 19. Nde4 Bh2+ 20. Kh1 Be5 21. Nxf6+
Bxf6 22. Be4 Rxd1+ 23. Qxd1 Bxc3 24. Bxb7 Rd8 25. Qf3 Bxa1 26. Rxa1 Qb6 27. Qc6
Qxb3 28. Bxa6 Rd1+ 29. Rxd1 Qxd1+ 30. Kh2 Qd6+ 31. Qxd6 Nxd6 32. a5 Kf8 33. Bb7
Ke7 34. a6 Nb5 35. Bc6 Na7 36. Ba4 Kd6 37. Kg3 Nc6 38. Kf3 Kc7 39. Ke4 Ne7 40.
Be8 f6 41. Bf7 Kb6 42. Bxe6 Kxa6 43. h4 Kb5 44. h5 Kc6 45. g4 Kd6 46. Bb3 Nc8
47. f4 Ne7 48. Bf7 Kc6 49. Be8+ Kb6 50. g5 hxg5 51. fxg5 fxg5 52. Bf7 Kc7 53.
Ke5 Nc6+ 54. Kf5 g4 55. Kf4 Kd6 56. Bb3 Ne5 57. Bg8 Nd7 58. e4 Ne5 59. Bd5 Ke7
60. Bb3 Kf6 61. Bd5 Ke7 62. Bb3 Kf6 63. Bd5 c4 64. Bxc4 Nxc4 65. Kxg4 Ne5+ 66.
Kf4 Nf7 67. Kg4 Ke5 68. Kf3 Nh6 69. Ke3 Ng4+ 70. Kf3 Nf6 71. Kg3 Nxh5+ 72. Kh4
Nf6 73. Kg5 Kxe4 74. Kg6 Ne8 0-1

[Event "Baku Open 2023"]
[Site "Baku AZE"]
[Date "2023.05.11"]
[Round "8.2"]
[White "Abasov, Nijat"]
[Black "Mendonca, Leon Luke"]
[Result "1/2-1/2"]
[WhiteTitle "GM"]
[BlackTitle "GM"]
[WhiteElo "2634"]
[BlackElo "2596"]
[WhiteFideId "13402960"]
[BlackFideId "35028561"]
[EventDate "2023.05.04"]

1. e4 c6 2. Nf3 d5 3. d3 Qc7 4. Nc3 dxe4 5. Nxe4 Nf6 6. Qe2 Nxe4 7. Qxe4 Be6 8.
c4 Nd7 9. Ng5 Nf6 10. Nxe6 Qa5+ 11. Bd2 Qxd2+ 12. Kxd2 Nxe4+ 13. dxe4 fxe6 14.
e5 g5 15. Re1 Bg7 16. Bd3 O-O 17. Rhf1 Rad8 18. Kc2 Rd4 19. f3 g4 1/2-1/2

[Event "Baku Open 2023"]
[Site "Baku AZE"]
[Date "2023.05.11"]
[Round "8.4"]
[White "Aditya, Mittal"]
[Black "Sethuraman, S.P."]
[Result "1/2-1/2"]
[WhiteTitle "GM"]
[BlackTitle "GM"]
[WhiteElo "2505"]
[BlackElo "2639"]
[WhiteFideId "35042025"]
[BlackFideId "5021596"]
[EventDate "2023.05.04"]

1. e4 e6 2. d4 d5 3. Nc3 Nf6 4. e5 Nfd7 5. f4 c5 6. Nf3 b6 7. Be3 Be7 8. Bd3 Nc6
9. Qd2 O-O 10. O-O f6 11. Bb5 Bb7 12. exf6 Nxf6 13. Rae1 Qc8 14. Bxc6 Bxc6 15.
Ne5 Bb7 16. Rf3 Bd6 17. Qd1 a6 18. Rh3 Qc7 19. Ne2 Bc6 20. c3 Rae8 21. Ng3 Re7
22. Rf1 Bb5 23. Rf2 Ree8 24. a4 Bc6 25. a5 c4 26. axb6 Qxb6 27. Nh5 Qc7 28. Rg3
Nxh5 29. Qxh5 Rf5 30. Qh4 Bxe5 31. dxe5 Qf7 32. Rh3 Qg6 33. Rff3 Rf7 34. Bd4 Rb8
35. Rf2 Qb1+ 36. Rf1 Qe4 37. Rg3 a5 38. Qg5 Qf5 39. Qxf5 Rxf5 40. Rf2 Be8 41.
Re3 h5 1/2-1/2

[Event "Baku Open 2023"]
[Site "Baku AZE"]
[Date "2023.05.11"]
[Round "8.5"]
[White "Indjic, Aleksandar"]
[Black "Suleymanli, Aydin"]
[Result "1-0"]
[WhiteTitle "GM"]
[BlackTitle "GM"]
[WhiteElo "2618"]
[BlackElo "2560"]
[WhiteFideId "911925"]
[BlackFideId "13413937"]
[EventDate "2023.05.04"]

1. c4 Nf6 2. Nc3 e5 3. Nf3 Nc6 4. e3 Bb4 5. Qc2 Bxc3 6. bxc3 O-O 7. d3 d6 8. Be2
Qe7 9. e4 h6 10. Rg1 Bg4 11. h3 Bxf3 12. gxf3 Kh8 13. f4 Ng8 14. fxe5 dxe5 15.
Be3 a6 16. a4 f5 17. exf5 Rxf5 18. O-O-O b5 19. Rg6 Rf6 20. Rdg1 Rxg6 21. Rxg6
Nf6 22. Bf3 Qe8 23. Rxf6 gxf6 24. d4 exd4 25. cxd4 Rd8 26. Qf5 Ne7 27. Qxf6+ Kg8
28. Bg4 Qf8 29. Qxa6 bxa4 30. d5 c6 31. Be6+ Kg7 32. Qxa4 Qf6 33. Qa7 Kg6 34.
Bd4 Qf4+ 35. Kc2 Rb8 36. Bc3 Qe4+ 37. Kd2 Rb1 38. Qe3 Qxe3+ 39. fxe3 cxd5 40.
cxd5 Nf5 41. e4 Nd6 42. e5 Ne4+ 43. Kc2 Rb6 44. Bd7 Kf7 45. Bd4 Rb8 46. Kd3 Ng5
47. h4 Nf3 48. e6+ Ke7 49. Bc5+ Kf6 50. Ke4 Nd2+ 51. Kf4 Nc4 52. d6 1-0